Открытое дополнительное образование и региональное развитие (Запись № 11448198)
[ простой вид ]
| 000 -МАРКЕР | |
|---|---|
| контрольное поле | 02192nam1a2200277 i 4500 |
| 001 - ИДЕНТИФИКАТОР ЗАПИСИ | |
| контрольное поле | RU\NLR\BIBL_A\012010374 |
| 005 - ИДЕНТИФИКАТОР ВЕРСИИ | |
| контрольное поле | 20240922023555.0 |
| 035 ## - ДРУГИЕ СИСТЕМНЫЕ НОМЕРА | |
| Идентификатор записи | (NLR Aleph) 012010374 |
| 100 ## - ДАННЫЕ ОБЩЕЙ ОБРАБОТКИ | |
| Данные общей обработки | 20190417g20199999k y0rusy50 ca |
| 101 0# - ЯЗЫК РЕСУРСА | |
| Язык текста, звукозаписи и т.д. | русский |
| 102 ## - СТРАНА ПУБЛИКАЦИИ ИЛИ ПРОИЗВОДСТВА | |
| Страна публикации | Российская Федерация |
| 105 ## - ПОЛЕ КОДИРОВАННЫХ ДАННЫХ: ТЕКСТОВЫЕ МАТЕРИАЛЫ, МОНОГРАФИЧЕСКИЕ | |
| Кодированные данные о монографическом текстовом документе | ||||z|||||||| |
| 200 1# - ЗАГЛАВИЕ И СВЕДЕНИЯ ОБ ОТВЕТСТВЕННОСТИ | |
| Основное заглавие | Открытое дополнительное образование и региональное развитие |
| Сведения, относящиеся к заглавию | сборник эффективных практик дополнительного образования детей |
| -- | [методическое пособие] |
| Первые сведения об ответственности | Министерство образования Новосибирской области, Государственное автономное учреждение дополнительного образования Новосибирской области "Областной центр развития творчества детей и юношества" (ГАУДО НСО "ОЦРТДиЮ") [и др. |
| Последующие сведения об ответственности | отв. ред.: Е.Л. Сорокина] |
| 210 ## - ПУБЛИКАЦИЯ, РАСПРОСТРАНЕНИЕ И ДР. | |
| Место издания, распространения и т.д. | Новосибирск |
| Имя издателя, распространителя и т. д. | Изд-во АНО ДПО "СИПППСР" |
| Дата издания, распространения и т.д. | 2019 |
| 215 ## - ФИЗИЧЕСКАЯ ХАРАКТЕРИСТИКА | |
| Размеры | 21 |
| 225 1# - СЕРИЯ | |
| Основное заглавие серии | Серия "Доступное дополнительное образование для детей" |
| 606 1# - НАИМЕНОВАНИЕ ТЕМЫ КАК ПРЕДМЕТ | |
| Наименование темы | Дополнительное образование детей |
| Формальный подзаголовок | Методические пособия |
| Тематический подзаголовок | Региональный аспект |
| Географический подзаголовок | Российская Федерация |
| Системный номер авторитетной/нормативной записи | 2565338 |
| Идентификатор авторитетной/нормативной записи | RU\NLR\AUTH\661517274 |
| 686 1# - ИНДЕКСЫ ДРУГИХ КЛАССИФИКАЦИЙ | |
| Индекс | Ч421.387я8 |
| 702 #1 - ИМЯ ЛИЦА - ВТОРИЧНАЯ ОТВЕТСТВЕННОСТЬ | |
| Код отношения | Редактор |
| Графика поля | Кириллица |
| Материалы, к которым относится поле | rus |
| Начальный элемент ввода | Сорокина |
| Часть имени, кроме начального элемента ввода | Е. Л. |
| Дополнения к именам, кроме дат | канд. пед. наук |
| Расширение инициалов личного имени | Елена Львовна |
| Системный номер авторитетной/нормативной записи | 183059 |
| Идентификатор авторитетной/нормативной записи | RU\NLR\AUTH\770183110 |
| 712 02 - НАИМЕНОВАНИЕ ОРГАНИЗАЦИИ - ВТОРИЧНАЯ ОТВЕТСТВЕННОСТЬ | |
| Код отношения | Прочие |
| Начальный элемент ввода | Новосибирский областной центр развития творчества детей и юношества |
| Системный номер авторитетной/нормативной записи | 659820 |
| Идентификатор авторитетной/нормативной записи | RU\NLR\AUTH\880499990 |
| 852 ## - МЕСТОНАХОЖДЕНИЕ И ШИФР ХРАНЕНИЯ | |
| Идентификатор организации | NLR |
| Шифр хранения (Call Number) | 2019-3/11191 |
| 942 ## - ДОПОЛНИТЕЛЬНЫЕ ЭЛЕМЕНТЫ ЗАПИСИ (АБИС) | |
| Тип экземпляра АБИС | Книга |
Нет доступных экземпляров.